KOHA-Header-6

Grobs Basic Electronics (Record no. 521)

000 -LEADER
fixed length control field 00297nam a2200121Ia 4500
008 - FIXED-LENGTH DATA ELEMENTS--GENERAL INFORMATION
fixed length control field 190722s9999 xx 000 0 und d
020 ## - INTERNATIONAL STANDARD BOOK NUMBER
International Standard Book Number 978-0-07-063432-9
100 ## - MAIN ENTRY--PERSONAL NAME
Personal name Mitchel E Schultz
245 #0 - TITLE STATEMENT
Title Grobs Basic Electronics
260 ## - PUBLICATION, DISTRIBUTION, ETC. (IMPRINT)
Place of publication, distribution, etc India
Name of publisher, distributor, etc MC Graw Hill
Date of publication, distribution, etc 2016
300 ## - PHYSICAL DESCRIPTION
Extent 1130
942 ## - ADDED ENTRY ELEMENTS (KOHA)
Koha item type Books
Holdings
Withdrawn status Lost status Damaged status Not for loan Collection code Permanent Location Current Location Shelving location Date acquired Total Checkouts Total Renewals Full call number Barcode Date last seen Date checked out Price effective from Koha item type
      Not For Loan CSE Computing and Engineering Library Block-D Computing and Engineering Library Block-D Shelf No.A31 2019-07-22 3 1 621.381 7147 2020-01-23 2019-12-10 2019-07-22 Computer System Engineering

Powered by Koha